Тетраизотиоцианатодиамминхроматы(III) комплексов марганца(II), кобальт(II), никеля(II) с диметилсульфоксидом: автореферат диссертации на соискание ученой степени кандидата химических наук; спец. 02.00.04

Podrobná bibliografie
Hlavní autor: Буланова Т. В. Татьяна Владимировна
Korporativní autor: Кузбасский государственный технический университет (КузГТУ) Кафедра химии и технологии неорганических веществ
Další autoři: Черкасова Т. Г. Татьяна Григорьевна (научный руководитель)
Shrnutí:Защита сост. 29.05.2009 г.
Jazyk:ruština
Vydáno: Кемерово, 2009
Témata:
Médium: Kniha
KOHA link:https://koha.lib.tpu.ru/cgi-bin/koha/opac-detail.pl?biblionumber=164908

MARC

LEADER 00000nam0a2200000 4500
001 164908
005 20231101222521.0
035 |a (RuTPU)RU\TPU\book\178904 
090 |a 164908 
100 |a 20090911d2009 k y0rusy50 ca 
101 0 |a rus 
102 |a RU 
105 |a a dm 001zy 
200 1 |a Тетраизотиоцианатодиамминхроматы(III) комплексов марганца(II), кобальт(II), никеля(II) с диметилсульфоксидом  |e автореферат диссертации на соискание ученой степени кандидата химических наук  |e спец. 02.00.04  |f Т. В. Буланова  |g Кузбасский государственный технический университет (КузГТУ), Кафедра химии и технологии неорганических веществ ; науч. рук. Т. Г. Черкасова 
210 |a Кемерово  |d 2009 
215 |a 18 с.  |c ил. 
300 |a Защита сост. 29.05.2009 г. 
320 |a Библиогр.: с. 16-18 (17 назв.). 
606 1 |a Комплексные соединения  |2 stltpush  |3 (RuTPU)RU\TPU\subj\15019  |9 41320 
610 1 |a химия 
610 1 |a свойства 
610 1 |a синтез 
610 1 |a химический анализ 
610 1 |a физико-химические исследования 
610 1 |a авторефераты диссертаций 
675 |a 546-386(04)  |v 3 
686 |a 02.00.04  |2 oksvnk 
700 1 |a Буланова  |b Т. В.  |g Татьяна Владимировна 
702 1 |a Черкасова  |b Т. Г.  |g Татьяна Григорьевна  |4 727 
712 0 2 |a Кузбасский государственный технический университет (КузГТУ)  |b Кафедра химии и технологии неорганических веществ  |c (Кемерово)  |2 stltpush  |3 (RuTPU)RU\TPU\col\89 
801 1 |a RU  |b 63413507  |c 20090911 
801 2 |a RU  |b 63413507  |c 20151203  |g RCR 
942 |c BK